Statistics for Longest Rivers in Scotland Map

Click here to take the quiz!

General Stats

  • This quiz has been taken 62 times
  • The average score is 7 of 12

Answer Stats

Miles Km River % Correct
104.6168.4Clyde
93%
114.9184.9Tay-Tummel-Gaur
83%
100.5161.8Tweed
80%
84.3135.7Forth
78%
88.4142.7Dee
76%
67.7108.9Ness-Oich-Garry
71%
104.8168.6Spey
66%
83.8134.9Don
63%
62.6100.8Nith
37%
62.3100.2Deveron
27%
64.1103.2Findhorn
24%
58.093.4Beauly-Glass-Affric
22%

Score Distribution

Percentile by Number Answered

Percent of People with Each Score

Your Score History

You have not taken this quiz